ARRUPE JESUIT UNIVERSITY

CORONAVIRUS -STOP THE SPREAD - CLEAN,DISINFECT,COVER

Contemporary philosophy of thought : (Record no. 125624)

MARC details
000 -LEADER
fixed length control field 01161cam a2200313 a 4500
001 - CONTROL NUMBER
control field 1196905
003 - CONTROL NUMBER IDENTIFIER
control field ARRUPE
005 - DATE AND TIME OF LATEST TRANSACTION
control field 20161102084230.0
008 - FIXED-LENGTH DATA ELEMENTS--GENERAL INFORMATION
fixed length control field 980602s1999 enka b 001 0 eng
010 ## - LIBRARY OF CONGRESS CONTROL NUMBER
LC control number 98008525
020 ## - INTERNATIONAL STANDARD BOOK NUMBER
International Standard Book Number 0631190767 (alk. paper)
020 ## - INTERNATIONAL STANDARD BOOK NUMBER
International Standard Book Number 0631190775 (pbk. : alk. paper)
040 ## - CATALOGING SOURCE
Original cataloging agency DLC
Transcribing agency DLC
Modifying agency DLC
050 00 - LIBRARY OF CONGRESS CALL NUMBER
Classification number B105.T54
Item number L86 1999
082 00 - DEWEY DECIMAL CLASSIFICATION NUMBER
Classification number 121/.68
Edition number 21
300 ## - PHYSICAL DESCRIPTION
Other physical details ill. ;
Dimensions 25 cm.
100 1# - MAIN ENTRY--PERSONAL NAME
Personal name Luntley, Michael,
Dates associated with a name 1953-
9 (RLIN) 27150
245 10 - TITLE STATEMENT
Title Contemporary philosophy of thought :
Remainder of title truth, world, content /
Statement of responsibility, etc Michael Luntley.
260 ## - PUBLICATION, DISTRIBUTION, ETC. (IMPRINT)
Place of publication, distribution, etc Oxford ;
-- Malden, Mass. :
Name of publisher, distributor, etc Blackwell Publishers,
Date of publication, distribution, etc 1999.
300 ## - PHYSICAL DESCRIPTION
Extent xii, 398 p. :
490 1# - SERIES STATEMENT
Series statement Contemporary philosophy
504 ## - BIBLIOGRAPHY, ETC. NOTE
Bibliography, etc Includes bibliographical references (p. 380-393) and index.
650 #0 - SUBJECT ADDED ENTRY--TOPICAL TERM
Topical term or geographic name as entry element Thought and thinking.
9 (RLIN) 6272
650 #0 - SUBJECT ADDED ENTRY--TOPICAL TERM
Topical term or geographic name as entry element Language and languages
General subdivision Philosophy
9 (RLIN) 27151
650 #0 - SUBJECT ADDED ENTRY--TOPICAL TERM
Topical term or geographic name as entry element Truth
9 (RLIN) 27152
830 #0 - SERIES ADDED ENTRY--UNIFORM TITLE
Uniform title Contemporary philosophy (Cambridge, Mass.)
9 (RLIN) 27153
906 ## - LOCAL DATA ELEMENT F, LDF (RLIN)
a 7
b cbc
c orignew
d 1
e ocip
f 19
g y-gencatlg
942 ## - ADDED ENTRY ELEMENTS (KOHA)
Source of classification or shelving scheme Library of Congress Classification
Koha item type Monograph ( Printed materials)
Holdings
Withdrawn status Lost status Source of classification or shelving scheme Damaged status Not for loan Collection code Home library Current library Shelving location Date acquired Total Checkouts Full call number Barcode Date last seen Price effective from Koha item type
    Library of Congress Classification     Main Collection ARRUPE LIBRARY ARRUPE LIBRARY Main Collection 02/11/2016   B105.T54 L86 1999 46500010017 02/11/2016 02/11/2016 Monograph ( Printed materials)

 

Arrupe Library. PO Box MP320 Mt Pleasant, Harare, Zimbabwe
263 242 745411|librarian@aju.ac.zw